Abstracts of papers deposited at VINITI; Soviet Physics Journal; Vol. 18, № 11

Bibliographische Detailangaben
Parent link:Soviet Physics Journal
Vol. 18, № 11.— 1975.— P. 1639-1643
Weitere Verfasser: Lisitsyn V. M. Viktor Mikhailovich, Korepanov V. I. Vladimir Ivanovich, Borovko E. V., Dobrozhanskii Yu. A., Presnov V. A.
Zusammenfassung:В фонде НТБ ТПУ отсутствует
Sprache:Englisch
Veröffentlicht: 1975
Schlagworte:
Format: MixedMaterials Buchkapitel
KOHA link:https://koha.lib.tpu.ru/cgi-bin/koha/opac-detail.pl?biblionumber=596976

MARC

LEADER 00000naa0a2200000 4500
001 596976
005 20250127160612.0
035 |a (RuTPU)RU\TPU\tpu\20045 
035 |a RU\TPU\tpu\19861 
090 |a 596976 
100 |a 20110922d1975 k||y0rusy50 ba 
101 0 |a eng 
200 1 |a Abstracts of papers deposited at VINITI  |f V. M. Lisitsyn [et al.] 
333 |a В фонде НТБ ТПУ отсутствует 
461 |t Soviet Physics Journal 
463 |t Vol. 18, № 11  |v P. 1639-1643  |d 1975 
610 1 |a труды учёных ТПУ 
701 1 |a Lisitsyn  |b V. M.  |c physicist  |c Russian physicist  |c Professor of Tomsk Polytechnic University, Candidate of physical and mathematical sciences  |f 1939-  |g Viktor Mikhailovich  |3 (RuTPU)RU\TPU\pers\28330  |9 13239 
701 1 |a Korepanov  |b V. I.  |c specialist in the field of lightning engineering  |c Professor of Tomsk Polytechnic University, Doctor of physical and mathematical sciences  |f 1947-  |g Vladimir Ivanovich  |9 17372 
701 1 |a Borovko  |b E. V. 
701 1 |a Dobrozhanskii  |b Yu. A. 
701 1 |a Presnov  |b V. A. 
801 1 |a RU  |b 63413507  |c 20100309 
801 2 |a RU  |b 63413507  |c 20120117  |g RCR 
942 |c CR